WBC Host Cities - Statistics

General Stats
  • This quiz has been taken 125 times
    124 since last reset
  • The average score is 9 of 17
Answer Stats
Country City % Correct
Japan Tokyo
95%
United States Los Angeles
89%
United States Miami
89%
Mexico Mexico City
84%
Canada Toronto
82%
South Korea Seoul
81%
United States Phoenix
70%
United States San Diego
65%
United States San Francisco
61%
Japan Fukuoka
40%
United States Anaheim
32%
United States San Juan
29%
Taiwan Taichung
28%
United States Scottsdale
8%
Mexico Zapopan
7%
United States Lake Buena Vista
3%
United States Miami Gardens
3%
No matching quizzes found
Score Distribution
Percent of People with Each Score
Percentile by Number Answered
Your Score History
You have not taken this quiz since the last reset